Masters of English prose : (Record no. 90102)

MARC details
000 -LEADER
fixed length control field 00534nam a22001817a 4500
005 - DATE AND TIME OF LATEST TRANSACTION
control field 20141128153903.0
010 ## - LCCN (DPL NO)
LC control number ENG-111257
020 ## - INTERNATIONAL STANDARD BOOK NUMBER
International Standard Book Number 9788125055815
Terms of availability 75.00
035 ## - SYSTEM CONTROL NUMBER
System control number EN-94789
037 ## - SOURCE OF ACQUISITION
Source of stock number/acquisition DBAD/PUB
082 ## - DEWEY DECIMAL CLASSIFICATION NUMBER
Classification number 880.8
245 ## - TITLE STATEMENT
Title Masters of English prose :
Statement of responsibility, etc edited by L. M. Joshi
Remainder of title from Bacon to Beerbohm
260 ## - PUBLICATION, DISTRIBUTION, ETC. (IMPRINT)
Place of publication, distribution, etc New Delhi
Name of publisher, distributor, etc Orient Blackswan
Date of publication, distribution, etc 2014
270 ## - ADDRESS
Address 1/24, Asaf Ali Road
City New Delhi
Postal code 110002
300 ## - PHYSICAL DESCRIPTION
Extent 115p.
Dimensions 23cm(pbk)
700 ## - ADDED ENTRY--PERSONAL NAME
Personal name Joshi, L. M.
942 ## - ADDED ENTRY ELEMENTS (KOHA)
Source of classification or shelving scheme Dewey Decimal Classification
Item type English Books
Call number suffix MAS
Classification part 880.8
Holdings
Withdrawn status Lost status Not for loan Collection code Home library Current library Date acquired Source of acquisition Cost, normal purchase price Full call number Barcode Copy number Cost, replacement price Koha item type
    Not For Loan Non-fiction D.B.Act.Division D.B.Act.Division 17/11/2014 DBAD/PUB 75.00 880.8 MAS EN-94789 1 75.00 English Books

© Delhi Public Library
Hit Counter
free hit counter